| 000 | 00559nam a22001937a 4500 | ||
|---|---|---|---|
| 005 | 20251108171238.0 | ||
| 008 | 250721s1983 xx 000 0 ara d | ||
| 082 | 1 | 4 | _a211/حسن |
| 100 | 1 | _aالحسن، محمد علي | |
| 245 | 1 | 0 | _aالمنار في علوم القرآن / |
| 264 | 1 |
_aعمان : _bدار الأرقم، _c1983. |
|
| 300 | _a165ص | ||
| 650 | 1 | 7 | _aالقرآن الكريم |
| 650 | 1 | 7 | _aألفاظ القرآن |
| 650 | 1 | 7 | _aمعاني القرآن |
| 650 | 1 | 7 | _aو احكام القرآن |
| 942 |
_2ddc _cBK |
||
| 999 |
_c60306 _d60306 |
||